000
00264nam a22001217a 4500
008
171107b xxu||||| |||| 00| 0 eng d
041
_a
eng
080
_a
721.053
100
_a
62
101
_a
AUD
245
_a
THEORY OF AUDITING
_c
SCHANDL,CH.W
942
_2
udc
_c
BK
999
_c
38171
_d
38171